| 000 | 00398cam a2200169ua 4500 | ||
|---|---|---|---|
| 020 | _c1.50 | ||
| 041 |
_amal _h |
||
| 082 |
_a894.8121 _bCHA/NE |
||
| 100 | _aChacko, Chemmanam . | ||
| 245 |
_aNellu / _cChemmanam Chacko. _hTextual Documents |
||
| 260 |
_aThrissur : _bChemmanam Chacko , _c1968. |
||
| 300 | _a72 ; . | ||
| 365 | _a1.50 | ||
| 504 | _a | ||
| 942 | _cBK | ||
| 999 |
_c5190 _d5190 |
||